00497nam a22001457a 4500008004100000020001800041050002500059245011500084260004500199300002100244440003000265500001800295800001800313800002000331161121b xxu||||| |||| 00| 0 eng d a0-19-825883-6 aKZ21.B7(1996 vol.67) aThe British Year Book Of International Law1996:sixty-sventh Year Of Issue. /clan Brownlie and James Crawford. aLondon:bOxford University Press;c1997. aix, 884p:c24cm. pBritish Yearbookvvol.64. aInclude index aBrownlie, lan aCrawford, James